00888cam a22002177a 4500003000500000005001700005008004100022010001000063011001000073035001000083040000900093100003300102245023300135260003700368300002200405502012500427650002600552650002000578650005100598650002100649CHAP20220329142650.0010920d2001 mx r 00110 spa d a86202 a87174 a97716 cCHAP00aContreras Juárez, Jesús.10aEvaluación de la resistencia de las variedades de frijol (Phaseolus vulgaris L.) al daño de Chauixtle (Uromyces phaseoli (Reben) Wint) en Santa Catarina Lachatao, Distrito de Ixtlán, Oaxacac/por Jesús Contreras Juárez aCocula, Gro. :bEl autor,c2001. a48 h. ;bgráfs. aTesis (Ing. Agr. Fitotecnista) -- Colegio Superior Agropecuario del Estado de Guerrero. Centro de Estudios Profesionales14aFrijolxEnfermedades.14aFrijolxOaxaca.14aFrijolxVariedades resistentes a enfermedades.14aRoya del frijol.